Phân tích tác động của các chương trình tài chính vi mô đến sinh kế của nông hộ trong các dự án tài trợ nước ngoài ở tỉnh Trà Vinh : Luận văn tốt nghiệp cao học. Chuyên ngành Kinh tế nông nghiệp

Khảo sát, đánh giá tác động của chương trình tài chính vi mô lên sinh kế hộ gia đình và gợi ý các chính sách nhằm giúp tỉnh Trà Vinh giảm tỉ lệ hộ nghèo

Na minha lista:
Detalhes bibliográficos
Autor principal: Nguyễn, Thành Điển
Formato: Livro
Idioma:Undetermined
Publicado em: Cần Thơ Trường Đại học Cần Thơ 2016
Assuntos:
Tags: Adicionar Tag
Sem tags, seja o primeiro a adicionar uma tag!
Thư viện lưu trữ: Trung tâm Học liệu Trường Đại học Cần Thơ
LEADER 01224nam a2200229Ia 4500
001 CTU_212368
008 210402s9999 xx 000 0 und d
082 |a 338.1 
082 |b Đ305 
088 |a 60620115 
100 |a Nguyễn, Thành Điển 
245 0 |a Phân tích tác động của các chương trình tài chính vi mô đến sinh kế của nông hộ trong các dự án tài trợ nước ngoài ở tỉnh Trà Vinh : 
245 0 |b Luận văn tốt nghiệp cao học. Chuyên ngành Kinh tế nông nghiệp 
245 0 |c Nguyễn Thành Điển ; Lê Tấn Nghiêm ( Cán bộ hướng đẫn) 
260 |a Cần Thơ 
260 |b Trường Đại học Cần Thơ 
260 |c 2016 
520 |a Khảo sát, đánh giá tác động của chương trình tài chính vi mô lên sinh kế hộ gia đình và gợi ý các chính sách nhằm giúp tỉnh Trà Vinh giảm tỉ lệ hộ nghèo 
650 |a Nông nghiệp,Agriculture 
650 |x Khía cạnh kinh tế,Economic aspects 
904 |i Nguyên 
980 |a Trung tâm Học liệu Trường Đại học Cần Thơ